Normal view
MARC view
Entry Corporate Name
001 - CONTROL NUMBER
- control field: 343
003 - CONTROL NUMBER IDENTIFIER
- control field: NUST
005 - DATE AND TIME OF LATEST TRANSACTION
- control field: 20170510170412.0
008 - FIXED-LENGTH DATA ELEMENTS
- fixed length control field: 170510|| aca||aabn | a|a d
040 ## - CATALOGING SOURCE
- Original cataloging agency: NUST
- Transcribing agency: NUST
110 ## - HEADING--CORPORATE NAME
- Corporate name or jurisdiction name as entry element:
- General subdivision: History
- Chronological subdivision: Asia, Central
670 ## - SOURCE DATA FOUND
- Source citation: Work cat.: (NUST)23636: Ahmed Rashid 342, The resurgence of Central Asia , 1995
